Notas de platería (Record no. 820)

MARC details
000 -CABECERA
campo de control de longitud fija 01090nam a2200241 a 4500
001 - NÚMERO DE CONTROL
campo de control BRCA_931
005 - FECHA Y HORA DE LA ÚLTIMA TRANSACCIÓN
campo de control 20190320203218.0
008 - DATOS DE LONGITUD FIJA--INFORMACIÓN GENERAL
campo de control de longitud fija 270508s1988----mx-a---###---#000-0#spa-#
020 ## - NÚMERO INTERNACIONAL ESTÁNDAR DEL LIBRO
Número Internacional Estándar del Libro 9683901417
050 #4 - SIGNATURA TOPOGRÁFICA DE LA BIBLIOTECA DEL CONGRESO
Número de clasificación NK7114
Número de documento/Ítem .V35 1988
100 1# - ENTRADA PRINCIPAL--NOMBRE DE PERSONA
Nombre de persona Valle-Arizpe, Artemio de
Fechas asociadas al nombre 1888-1961
9 (RLIN) 2476
245 10 - MENCIÓN DE TÍTULO
Título Notas de platería
Mención de responsabilidad, etc. Artemio de Valle-Arizpe ; prólogo, glosario y selección de piezas Virginia Armella de Aspe ; fotografías Sebastián Saldívar.
260 ## - PUBLICACIÓN, DISTRIBUCIÓN, ETC.
Lugar de publicación, distribución, etc. México
Nombre del editor, distribuidor, etc. Corporación Industrial Sanluis
Fecha de publicación, distribución, etc. 1988
300 ## - DESCRIPCIÓN FÍSICA
Extensión 243 p.
Otras características físicas il. a color
Dimensiones 28 cm.
500 ## - NOTA GENERAL
Nota general Incluye descripción de las ilustraciones y glosario de términos y estilos artísticos
500 ## - NOTA GENERAL
Nota general Incluye piezas de la colección Franz Mayer: p. 58, 60, 79, 81 y 82, 101, 104 y 105, 128, 130-132, 142 y 143, 148, 164, 166 y 167, 172, 181 y 182, 184, 201, 204, 207 y 208, 210 y 211
504 ## - NOTA DE BIBLIOGRAFÍA, ETC.
Nota de bibliografía, etc. Bibliografía: p. 215-222
650 14 - PUNTO DE ACCESO ADICIONAL DE MATERIA--TÉRMINO DE MATERIA
Término de materia o nombre geográfico como elemento de entrada Platería
Subdivisión geográfica México
9 (RLIN) 3073
650 14 - PUNTO DE ACCESO ADICIONAL DE MATERIA--TÉRMINO DE MATERIA
Término de materia o nombre geográfico como elemento de entrada Orfebrería
Subdivisión geográfica México
9 (RLIN) 3074
700 1# - PUNTO DE ACCESO ADICIONAL--NOMBRE DE PERSONA
Nombre de persona Armella de Aspe, Virginia
9 (RLIN) 2324
700 1# - PUNTO DE ACCESO ADICIONAL--NOMBRE DE PERSONA
Nombre de persona Saldívar, Sebastián
9 (RLIN) 3075
942 ## - ELEMENTOS DE PUNTO DE ACCESO ADICIONAL (KOHA)
Fuente del sistema de clasificación o colocación Library of Congress Classification
Tipo de ítem Koha Libros
Holdings
Estado de retiro Estado de pérdida Estado dañado No para préstamo Localización permanente Ubicación/localización actual Fecha de adquisición Total de préstamos Signatura topográfica completa Código de barras Fecha visto por última vez Precio válido a partir de Tipo de ítem Koha
El ejemplar forma parte de la colección y puede ser consultado según las políticas vigentes.       Biblioteca del Museo Franz Mayer (Rogerio Casas-Alatriste) Biblioteca del Museo Franz Mayer (Rogerio Casas-Alatriste) 26/06/2008   NK7114 .V35 1988 01403 22/03/2019 22/03/2019 Libros